[Event "JPN-ch (Women)"]
[Site "Tokyo"]
[Date "2018.08.05"]
[Round "4"]
[White "Sekine, Yuri"]
[Black "Uehara, Erina"]
[Result "1-0"]
[WhiteElo "1466"]
[BlackElo "908"]
[PlyCount "41"]
[EventDate "2018.08.04"]
[EventType "swiss"]
[EventRounds "6"]
[EventCountry "JPN"]
[SourceTitle "CBM 186 Extra"]
[Source "ChessBase"]
[SourceDate "2018.08.24"]
[SourceVersion "1"]
[SourceVersionDate "2018.08.24"]
[SourceQuality "1"]

1. e4 e5 2. Nf3 Nc6 3. Bb5 Bd6 4. Nc3 Nf6 5. d3 Qe7 6. 0-0 Bc5 7. h3 0-0 8. Bg5 Qe6 9. Re1 d5 10. exd5 Nxd5 11. Nxd5 Qxd5 12. Bxc6 Qxc6 13. Nxe5 Qb6 14. Be3 Bxe3 15. Rxe3 Qxb2 16. Re1 Qb6 17. Qf3 Be6 18. Rab1 Qa5 19. Qxb7 Bxa2 20. Ra1 Rab8 21. Qe4 1-0

[Event "JPN-ch (Women)"]
[Site "Tokyo"]
[Date "2018.08.04"]
[Round "1"]
[White "Ishizuka, Mirai"]
[Black "Uehara, Erina"]
[Result "1-0"]
[WhiteElo "1722"]
[BlackElo "908"]
[PlyCount "89"]
[EventDate "2018.08.04"]
[EventType "swiss"]
[EventRounds "6"]
[EventCountry "JPN"]
[SourceTitle "CBM 186 Extra"]
[Source "ChessBase"]
[SourceDate "2018.08.24"]
[SourceVersion "1"]
[SourceVersionDate "2018.08.24"]
[SourceQuality "1"]

1. e4 e5 2. Nf3 Nc6 3. Nc3 Nf6 4. d4 Qe7 5. d5 Qb4 6. a3 Qc5 7. Be3 Qe7 8. dxc6 dxc6 9. Bc4 b5 10. Ba2 b4 11. axb4 Qxb4 12. Qd3 Bc5 13. Bxc5 Qxc5 14. 0-0 0-0 15. Qc4 Qe7 16. Qxc6 Bg4 17. Nd2 Nh5 18. Nd5 Qg5 19. f3 Bh3 20. Rf2 Rad8 21. Kh1 Rxd5 22. exd5 Bf5 23. Re1 Qh4 24. Kg1 Nf4 25. Ne4 Nxg2 26. Kxg2 Qh3+ 27. Kg1 Bxe4 28. Rxe4 Qf5 29. Qxc7 Qg5+ 30. Rg4 Qc1+ 31. Kg2 h5 32. Rg3 Qf4 33. Qe7 h4 34. Rg4 Qc1 35. Qg5 Qxg5 36. Rxg5 Kh7 37. Rxe5 f6 38. Re7 Kh6 39. d6 g6 40. d7 Rd8 41. Be6 Rb8 42. Re8 Rxb2 43. d8Q Kg5 44. f4+ Kh5 45. Rh8# 1-0